[Event "1st Welsh Masters 2019"]
[Site "Bridgend"]
[Date "2019.08.28"]
[Round "6.2"]
[White "James, Dai"]
[Black "Willow, Jonah B"]
[Result "0-1"]
[WhiteElo "1858"]
[BlackElo "2326"]
[Annotator "TA"]
[PlyCount "40"]
[EventDate "2019.08.26"]
[EventType "tourn"]
[EventCountry "WLS"]
[SourceTitle "playchess.com"]
[Source "ChessBase"]
[SourceQuality "1"]

{[%evp 25,40,-16,-16,-52,-52,-78,-81,-214,-43,-284,-218,-432,-457,-447,-446,-572,-558]} 1. e4 c5 2. Nc3 Nc6 3. Nge2 g6 4. g3 Bg7 5. Bg2 e6 6. d3 Nge7 7. Be3 Nd4 8. O-O O-O 9. f4 d6 10. Qd2 Rb8 11. Nd1 b5 {[%cal Bb7b5,Bb5b4][%mdl 32]} 12. c3 Nxe2+ 13. Qxe2 b4 14. g4 {B26: Closed Sicilian: 3 g3, lines with early Be3} (14. c4 Nc6 15. Nf2 Nd4 16. Qd2 Bb7 17. Kh1 f5 18. Rae1 Qa5 19. b3 Qc7 20. Nh3 h6 21. Ng1 a5 {½-½ (51) Maze,S (2556)-L'Ami,A (2362) Reykjavik 2013}) 14... f5 15. h4 $146 ({Predecessor:} 15. cxb4 Rxb4 16. exf5 exf5 17. g5 Bb7 18. Bd2 Bd4+ 19. Kh1 Rb5 20. Rb1 Qa8 21. Nc3 Rb6 22. Rfe1 Bc6 23. b3 Qb7 24. Rbc1 {½-½ (24) Kalinichev,A (2356)-Gusev,A (2382) Kireevsk 2006}) 15... Ba6 16. h5 (16. Rc1 $17 {was worth a try.}) 16... Qd7 $2 {[#]} (16... fxe4 $19 17. Bxe4 bxc3 18. bxc3 gxh5) 17. Bf3 $2 ({White should try} 17. hxg6 $15 Nxg6 18. exf5 exf5 19. Bd5+ Kh8 20. g5) 17... bxc3 $19 18. Nxc3 $2 (18. bxc3 {is a better defense.} fxe4 19. Bxe4) 18... fxe4 {Black is clearly winning.} 19. Nxe4 Rxb2 20. Bd2 Nd5 {Accuracy: White =  9%, Black = 64%.} 0-1

[Event "1st Welsh Masters 2019"]
[Site "Bridgend"]
[Date "2019.08.28"]
[Round "6.3"]
[White "Rudd, Jack"]
[Black "Kett, Tim"]
[Result "1-0"]
[WhiteElo "2281"]
[BlackElo "2245"]
[Annotator "NA"]
[PlyCount "170"]
[EventDate "2019.08.26"]
[EventType "tourn"]
[EventCountry "WLS"]
[SourceTitle "playchess.com"]
[Source "ChessBase"]
[SourceQuality "1"]
[TimeControl "5400+30"]

1. d4 {[%emt 0:00:00]} Nf6 {[%emt 0:00:00]} 2. c4 {[%emt 0:00:00]} g6 {[%emt 0:00:35]} 3. Nc3 {[%emt 0:00:00]} Bg7 {[%emt 0:00:10]} 4. e4 {[%emt 0:00:00]} d6 {[%emt 0:00:06]} 5. Be2 {[%emt 0:00:00]} O-O {[%emt 0:00:09]} 6. Bg5 {[%emt 0:00:00]} c5 {[%emt 0:02:41]} 7. d5 {[%emt 0:00:03]} h6 {[%emt 0:02:50]} 8. Bh4 {[%emt 0:00:23]} a6 {[%emt 0:05:30]} 9. a4 {[%emt 0:00:47]} Qa5 {[%emt 0:05:06]} 10. Qd2 {[%emt 0:00:20]} e6 {[%emt 0:01:34]} 11. Nf3 {[%emt 0:02:29]} exd5 {[%emt 0:03:04]} 12. exd5 {[%emt 0:00:19]} Bg4 {[%emt 0:00:48]} 13. O-O {[%emt 0:00:33]} Nbd7 {[%emt 0:00:20]} 14. Bg3 {[%emt 0:00:31]} Rfe8 {[%emt 0:09:22]} 15. Rfe1 {[%emt 0:02:06]} Qc7 {[%emt 0:12:27]} 16. h3 {[%emt 0:00:31]} Bxf3 {[%emt 0:03:01]} 17. Bxf3 {[%emt 0:00:08]} Rxe1+ {[%emt 0:02:49]} 18. Rxe1 {[%emt 0:00:10]} Re8 {[%emt 0:00:06]} 19. Rxe8+ {[%emt 0:01:42]} Nxe8 {[%emt 0:00:05]} 20. Qe3 {[%emt 0:00:24]} Nef6 {[%emt 0:05:48]} 21. Bf4 {[%emt 0:01:40]} Qb6 {[%emt 0:03:00]} 22. Nd1 {[%emt 0:00:35]} Qb4 {[%emt 0:06:57]} 23. b3 {[%emt 0:00:47]} Bf8 {[%emt 0:00:23]} 24. Kh2 {[%emt 0:02:18]} b5 {[%emt 0:00:25]} 25. axb5 {[%emt 0:03:01]} axb5 {[%emt 0:00:04]} 26. Qd3 {[%emt 0:00:21]} bxc4 {[%emt 0:00:18]} 27. bxc4 {[%emt 0:00:06]} Qe1 {[%emt 0:07:12]} 28. Be2 {[%emt 0:02:38]} Qa5 {[%emt 0:01:35]} 29. Nc3 {[%emt 0:00:57]} Qd8 {[%emt 0:01:35]} 30. Nb5 {[%emt 0:01:07]} Ne8 {[%emt 0:00:14]} 31. Qe3 {[%emt 0:01:35]} Qf6 {[%emt 0:02:19]} 32. Bg3 {[%emt 0:01:33]} Ng7 {[%emt 0:01:15]} 33. Qxh6 {[%emt 0:01:49]} Nf5 {[%emt 0:00:40]} 34. Qf4 {[%emt 0:00:53]} Bh6 {[%emt 0:02:11]} 35. Qe4 {[%emt 0:00:32]} Nxg3 {[%emt 0:01:47]} 36. Kxg3 {[%emt 0:00:16]} Ne5 {[%emt 0:01:16]} 37. f4 {[%emt 0:01:00]} Nd7 {[%emt 0:00:22]} 38. h4 {[%emt 0:01:54]} Nb6 {[%emt 0:04:23]} 39. Kf3 {[%emt 0:00:55]} Na4 {[%emt 0:00:53]} 40. g3 {[%emt 0:03:48]} Nc3 {[%emt 0:00:26]} 41. Qe8+ {[%emt 0:00:15]} Bf8 {[%emt 0:00:49]} 42. Nc7 {[%emt 0:02:01]} Qf5 {[%emt 0:02:00]} 43. Qe3 {[%emt 0:00:52]} Bg7 {[%emt 0:00:33]} 44. Ne8 {[%emt 0:01:27]} Nxe2 {[%emt 0:06:52]} 45. Nxg7 {[%emt 0:01:17]} Kxg7 {[%emt 0:00:19]} 46. Qxe2 {[%emt 0:00:08]} Qb1 {[%emt 0:00:46]} 47. Kf2 {[%emt 0:01:52]} Qa1 {[%emt 0:01:01]} 48. Qd3 {[%emt 0:00:50]} Qb2+ {[%emt 0:00:15]} 49. Kf3 {[%emt 0:00:07]} Qa1 {[%emt 0:01:06]} 50. Kg4 {[%emt 0:00:53]} f5+ {[%emt 0:00:49]} 51. Kf3 {[%emt 0:00:14]} Qh1+ {[%emt 0:01:46]} 52. Kf2 {[%emt 0:00:40]} Qh2+ {[%emt 0:00:26]} 53. Ke1 {[%emt 0:00:07]} Qg1+ {[%emt 0:00:05]} 54. Ke2 {[%emt 0:00:29]} Qg2+ {[%emt 0:00:24]} 55. Kd1 {[%emt 0:00:06]} Qg1+ {[%emt 0:01:11]} 56. Kc2 {[%emt 0:00:08]} Qf2+ {[%emt 0:00:08]} 57. Kb3 {[%emt 0:00:10]} Kh6 {[%emt 0:01:26]} 58. Ka4 {[%emt 0:01:51]} Qb2 {[%emt 0:00:48]} 59. Qb3 {[%emt 0:00:22]} Qa1+ {[%emt 0:01:05]} 60. Qa3 {[%emt 0:00:08]} Qb1 {[%emt 0:00:16]} 61. Qb3 {[%emt 0:01:35]} Qa1+ {[%emt 0:00:47]} 62. Qa3 {[%emt 0:01:08]} Qb1 {[%emt 0:00:10]} 63. Qc3 {[%emt 0:00:04]} Kh5 {[%emt 0:00:22]} 64. Ka5 {[%emt 0:01:01]} Kg4 {[%emt 0:00:23]} 65. Ka6 {[%emt 0:00:32]} Qb4 {[%emt 0:03:07]} 66. Qd3 {[%emt 0:00:37]} Qb2 {[%emt 0:00:28]} 67. Ka7 {[%emt 0:01:09]} Kh3 {[%emt 0:00:23]} 68. h5 {[%emt 0:00:49]} gxh5 {[%emt 0:00:47]} 69. Qxf5+ {[%emt 0:00:12]} Kxg3 {[%emt 0:00:08]} 70. Qg5+ {[%emt 0:01:02]} Kf3 {[%emt 0:00:59]} 71. f5 {[%emt 0:00:32]} Qe5 {[%emt 0:01:15]} 72. Qxh5+ {[%emt 0:00:15]} Ke4 {[%emt 0:00:22]} 73. Qg4+ {[%emt 0:00:37]} Kd3 {[%emt 0:00:06]} 74. Kb6 {[%emt 0:00:12]} Qf6 {[%emt 0:00:32]} 75. Kc6 {[%emt 0:00:24]} Kc3 {[%emt 0:01:03]} 76. Qe4 {[%emt 0:00:18]} Qd8 {[%emt 0:00:23]} 77. Qe6 {[%emt 0:00:20]} Kxc4 {[%emt 0:00:11]} 78. f6 {[%emt 0:00:21]} Qa8+ {[%emt 0:00:52]} 79. Kxd6 {[%emt 0:00:10]} Qb8+ {[%emt 0:00:05]} 80. Ke7 {[%emt 0:00:12]} Qc7+ {[%emt 0:00:06]} 81. Kf8 {[%emt 0:00:26]} Kd4 {[%emt 0:00:43]} 82. d6 {[%emt 0:00:10]} Qd8+ {[%emt 0:00:07]} 83. Kg7 {[%emt 0:00:07]} c4 {[%emt 0:00:10]} 84. Qe7 {[%emt 0:00:06]} Qa8 {[%emt 0:00:46]} 85. d7 {[%emt 0:00:07]} Kd5 {[%emt 0:02:24]} 1-0

[Event "1st Welsh Masters 2019"]
[Site "Bridgend"]
[Date "2019.08.28"]
[Round "6.5"]
[White "Waddington, Mike P"]
[Black "Varley, Peter"]
[Result "0-1"]
[WhiteElo "2023"]
[BlackElo "2171"]
[Annotator "NA"]
[PlyCount "82"]
[EventDate "2019.08.26"]
[EventType "tourn"]
[EventCountry "WLS"]
[SourceTitle "playchess.com"]
[Source "ChessBase"]
[SourceQuality "1"]
[TimeControl "5400+30"]

1. Nc3 {[%emt 0:00:00]} e5 {[%emt 0:00:11]} 2. Nf3 {[%emt 0:00:00]} Nc6 {[%emt 0:00:10]} 3. d4 {[%emt 0:00:00]} exd4 {[%emt 0:00:57]} 4. Nxd4 {[%emt 0:00:00]} Nf6 {[%emt 0:00:42]} 5. Bg5 {[%emt 0:00:13]} Bb4 {[%emt 0:01:28]} 6. Nxc6 {[%emt 0:03:41]} Bxc3+ {[%emt 0:05:49]} 7. bxc3 {[%emt 0:00:08]} bxc6 {[%emt 0:00:19]} 8. Qd4 {[%emt 0:00:57]} O-O {[%emt 0:02:44]} 9. e3 {[%emt 0:06:13]} h6 {[%emt 0:01:08]} 10. Bh4 {[%emt 0:02:39]} d6 {[%emt 0:03:54]} 11. Bd3 {[%emt 0:03:30]} g5 {[%emt 0:02:03]} 12. Bg3 {[%emt 0:01:19]} c5 {[%emt 0:00:12]} 13. Qa4 {[%emt 0:00:39]} Bd7 {[%emt 0:04:07]} 14. Qa5 {[%emt 0:00:35]} Re8 {[%emt 0:02:53]} 15. O-O-O {[%emt 0:16:50]} Ne4 {[%emt 0:06:12]} 16. f3 {[%emt 0:02:12]} Nf6 {[%emt 0:02:45]} 17. e4 {[%emt 0:07:22]} Nh5 {[%emt 0:01:25]} 18. e5 {[%emt 0:01:30]} Nxg3 {[%emt 0:00:46]} 19. hxg3 {[%emt 0:00:10]} Rxe5 {[%emt 0:00:14]} 20. Be4 {[%emt 0:04:50]} c4 {[%emt 0:05:44]} 21. Qa3 {[%emt 0:13:00]} Rb8 {[%emt 0:00:50]} 22. Rxh6 {[%emt 0:01:10]} Reb5 {[%emt 0:00:50]} 23. Kd2 {[%emt 0:14:57]} Rb1 {[%emt 0:00:23]} 24. Rxb1 {[%emt 0:03:38]} Rxb1 {[%emt 0:00:06]} 25. Qxa7 {[%emt 0:00:17]} Rb6 {[%emt 0:03:56]} 26. Qa3 {[%emt 0:07:44]} d5 {[%emt 0:03:21]} 27. Bh7+ {[%emt 0:02:03]} Kg7 {[%emt 0:00:50]} 28. Rh1 {[%emt 0:00:33]} Rh6 {[%emt 0:00:30]} 29. Re1 {[%emt 0:01:51]} Kxh7 {[%emt 0:00:58]} 30. Re7 {[%emt 0:00:37]} Be6 {[%emt 0:01:31]} 31. Qc5 {[%emt 0:00:17]} Qd6 {[%emt 0:00:37]} 32. Qxc7 {[%emt 0:01:18]} Qxc7 {[%emt 0:00:08]} 33. Rxc7 {[%emt 0:00:05]} Rh2 {[%emt 0:00:14]} 34. a4 {[%emt 0:01:21]} Rxg2+ {[%emt 0:00:08]} 35. Kc1 {[%emt 0:00:16]} Kg6 {[%emt 0:02:06]} 36. a5 {[%emt 0:00:14]} Rxg3 {[%emt 0:01:53]} 37. a6 {[%emt 0:00:20]} Rh3 {[%emt 0:00:14]} 38. a7 {[%emt 0:00:13]} Rh8 {[%emt 0:00:08]} 39. Kd2 {[%emt 0:01:01]} Kf5 {[%emt 0:00:57]} 40. Ke3 {[%emt 0:00:27]} Ke5 {[%emt 0:00:14]} 41. Rb7 {[%emt 0:00:17]} Ra8 {[%emt 0:00:09]} 0-1

[Event "1st Welsh Masters 2019"]
[Site "Bridgend"]
[Date "2019.08.29"]
[Round "7.1"]
[White "Varley, Peter"]
[Black "Turner, Matthew J"]
[Result "0-1"]
[WhiteElo "2171"]
[BlackElo "2519"]
[Annotator "TA"]
[PlyCount "54"]
[EventDate "2019.08.26"]
[EventType "tourn"]
[EventCountry "WLS"]
[SourceTitle "playchess.com"]
[Source "ChessBase"]
[SourceQuality "1"]

{[%evp 15,54,15,50,0,4,0,9,0,-13,-31,-27,-36,-33,-40,-39,-63,-79,-145,-86,-134,-139,-187,-186,-184,-174,-236,-240,-356,-347,-381,-375,-445,-271,-270,-273,-329,-329,-775,-767,-1135,-389]} 1. d4 Nf6 2. c4 e6 3. Nc3 Bb4 4. e3 O-O 5. Bd3 c5 6. Nf3 d5 7. a3 Ba5 8. O-O Nc6 9. dxc5 {Hoping for b4. E56: Nimzo-Indian: Rubinstein: Main Line: 7...Nc6} (9. Na4 dxc4 10. Bxc4 cxd4 11. exd4 h6 12. Be3 Ne7 13. Rc1 Bc7 14. Nc3 a6 15. Bd3 b6 16. Ne4 Nfd5 17. Bd2 Nf5 18. Ng3 Nxg3 19. hxg3 {½-½ (33) Korobov,A (2699)-Saduakassova,D (2472) Wijk aan Zee 2019}) 9... Bxc3 10. bxc3 e5 {[#] Strongly threatening ...e4.} 11. cxd5 {The position is equal.} (11. Nd2 {is more complex.} Bg4 12. f3 Be6 13. Qe2 e4 14. Bc2) 11... Qxd5 {aiming for ...e4.} 12. e4 Qxc5 13. Qc2 Na5 $146 ({Predecessor:} 13... Bg4 14. Be3 Qe7 15. Be2 Rac8 16. Qa4 Bd7 {0-1 (35) Gavariev,R (2294)-Pashikian,A (2442) Herceg Novi 2005}) 14. Bg5 Be6 15. Bxf6 gxf6 16. Nh4 (16. Nd2 $142) 16... Rfd8 (16... Rac8 $142 17. Nf5 Bxf5 18. exf5 Qxc3) 17. Nf5 Rac8 18. Qe2 {next Qg4+ is good for White.} Bxf5 $1 19. exf5 Qxc3 20. Qg4+ (20. Rad1 $142) 20... Kf8 $19 21. Be4 (21. Qb4+ $142 Qxb4 22. axb4) 21... Nb3 22. Rae1 Nd2 $1 {[%csl LRa3,LRf1]} 23. Re3 Qd4 24. Rfe1 Rc3 {...Rxe3 is the strong threat.} 25. Rxc3 Qxc3 26. Rd1 $2 (26. Qe2 b6 27. g3) 26... Rd4 27. f3 Nxe4 $2 {Accuracy: White =  4%, Black = 69%.} (27... Qe3+ 28. Kh1 {[#]} Qe2 $1 {[%mdl 512]}) 0-1

[Event "1st Welsh Masters 2019"]
[Site "Bridgend"]
[Date "2019.08.29"]
[Round "7.2"]
[White "Arkell, Keith C"]
[Black "Waddington, Mike P"]
[Result "1-0"]
[WhiteElo "2445"]
[BlackElo "2023"]
[Annotator "TA"]
[PlyCount "49"]
[EventDate "2019.08.26"]
[EventType "tourn"]
[EventCountry "WLS"]
[SourceTitle "playchess.com"]
[Source "ChessBase"]
[SourceQuality "1"]

{[%evp 11,49,7,14,-4,22,17,35,25,133,104,146,159,146,153,244,215,212,214,218,205,198,220,235,162,242,227,230,235,224,211,327,330,659,662,631,654,661,662,657,647]} 1. d4 e6 2. c4 b6 3. Nf3 Bb7 4. a3 f5 5. Nc3 Nf6 6. d5 Bd6 7. Nd4 {A40: Unusual replies to 1 d4} Qe7 8. g3 O-O 9. Bg2 {White is slightly better.} g6 $146 (9... Na6 $11 {keeps the balance.}) ({Predecessor:} 9... a5 10. O-O Na6 11. Ncb5 Nc5 12. Nxd6 cxd6 13. b3 Nfe4 14. Bb2 e5 15. Nxf5 Rxf5 {1-0 (63) Nguyen,N (2625)-Gordievsky,D (2474) Khanty-Mansiysk 2013}) 10. O-O e5 11. Ndb5 {Threatens to win with Nxc7!} Ne8 12. b4 {And now c5! would win.} a6 (12... Na6 $16 13. h4 c5) 13. Nxd6 $18 Qxd6 14. e4 f4 15. gxf4 exf4 16. Bb2 Qe5 17. Rb1 Qg5 (17... d6 $142 18. c5 Bc8) 18. Kh1 d6 19. Bh3 {Black must now prevent Be6+.} Ng7 20. Ne2 Qe7 (20... Bc8 $142) 21. Qd4 c5 $2 (21... Qe5 22. Qxe5 dxe5 23. Bxe5 f3) 22. bxc5 {White is clearly winning.} dxc5 23. Qxg7+ Qxg7 24. Bxg7 {[%mdl 64] [#] Discovered Attack} Kxg7 25. Rxb6 {Accuracy: White = 82%, Black = 24%.} 1-0

[Event "1st Welsh Masters 2019"]
[Site "Bridgend"]
[Date "2019.08.29"]
[Round "7.3"]
[White "Kett, Tim"]
[Black "Taylor, Adam C"]
[Result "1/2-1/2"]
[WhiteElo "2245"]
[BlackElo "2402"]
[Annotator "NA"]
[PlyCount "127"]
[EventDate "2019.08.26"]
[EventType "tourn"]
[EventCountry "WLS"]
[SourceTitle "playchess.com"]
[Source "ChessBase"]
[SourceQuality "1"]
[TimeControl "5400+30"]

1. e4 {[%emt 0:00:00]} c6 {[%emt 0:00:05]} 2. d4 {[%emt 0:04:26]} d5 {[%emt 0:00:04]} 3. Nc3 {[%emt 0:00:58]} g6 {[%emt 0:00:05]} 4. Be3 {[%emt 0:03:40]} dxe4 {[%emt 0:08:32]} 5. Nxe4 {[%emt 0:00:20]} Qb6 {[%emt 0:00:54]} 6. Nf3 {[%emt 0:04:31]} Bg7 {[%emt 0:04:19]} 7. Bc4 {[%emt 0:04:43]} Bf5 {[%emt 0:11:29]} 8. Ng3 {[%emt 0:04:26]} Qxb2 {[%emt 0:11:45]} (8... Qb5 $2 {[%emt 1:08:32][%mdl 8192]}) (8... Qb4+ $16 9. Nd2 Nf6) 9. Nxf5 {[%emt 0:10:42]} Qc3+ {[%emt 0:00:24]} 10. Bd2 {[%emt 0:00:38]} Qxc4 {[%emt 0:00:03]} 11. Nxg7+ {[%emt 0:00:11]} Kf8 {[%emt 0:00:02]} 12. Nh5 {[%emt 0:02:19]} gxh5 {[%emt 0:00:18]} 13. Ne5 {[%emt 0:04:42]} Qd5 {[%emt 0:06:49]} 14. O-O {[%emt 0:01:46]} f6 {[%emt 0:00:49]} 15. c4 {[%emt 0:11:49]} Qe6 {[%emt 0:03:39]} 16. Qf3 {[%emt 0:01:19]} Nd7 {[%emt 0:02:15]} 17. Rab1 {[%emt 0:01:10]} Nxe5 {[%emt 0:16:47]} 18. dxe5 {[%emt 0:00:13]} Qg4 {[%emt 0:00:09]} 19. Qd3 {[%emt 0:03:59]} b6 {[%emt 0:03:03]} 20. Rfe1 {[%emt 0:00:59]} Qg6 {[%emt 0:04:56]} 21. Qd7 {[%emt 0:03:08]} f5 $18 {[%emt 0:00:07]} 22. Rb3 {[%emt 0:01:48]} e6 {[%emt 0:08:40]} 23. Ree3 {[%emt 0:08:22]} Qe8 {[%emt 0:02:30]} 24. Qd6+ {[%emt 0:07:36]} Kf7 {[%emt 0:00:40]} 25. Rbd3 {[%emt 0:00:13]} Ne7 {[%emt 0:00:56]} 26. Qa3 {[%emt 0:06:58]} Rg8 {[%emt 0:00:56]} 27. Rh3 {[%emt 0:00:59]} Rg7 {[%emt 0:05:58]} 28. Rxh5 {[%emt 0:02:00]} Kg8 {[%emt 0:00:11]} 29. Rg5 {[%emt 0:02:47]} Ng6 {[%emt 0:00:03]} 30. Qd6 {[%emt 0:01:23]} c5 {[%emt 0:01:09]} 31. h4 {[%emt 0:01:51]} Qe7 {[%emt 0:06:22]} 32. Qxe7 {[%emt 0:01:56]} Nxe7 {[%emt 0:00:07]} 33. Rd7 {[%emt 0:01:00]} Rxg5 {[%emt 0:01:37]} 34. Bxg5 {[%emt 0:00:08]} Nc6 {[%emt 0:00:23]} 35. Bf6 {[%emt 0:00:12]} a6 {[%emt 0:00:47]} 36. Rg7+ {[%emt 0:00:10]} Kf8 {[%emt 0:00:03]} 37. Rxh7 {[%emt 0:00:08]} Ra7 {[%emt 0:00:03]} 38. Rh8+ {[%emt 0:00:45]} Kf7 {[%emt 0:00:00]} 39. h5 {[%emt 0:00:11]} b5 {[%emt 0:00:02]} 40. cxb5 {[%emt 0:02:07]} axb5 {[%emt 0:00:01]} 41. Rc8 {[%emt 0:00:10]} Nd4 {[%emt 0:01:45]} 42. Rxc5 {[%emt 0:01:52]} Ne2+ {[%emt 0:00:35]} 43. Kh2 {[%emt 0:00:05]} Nf4 {[%emt 0:00:01]} 44. h6 {[%emt 0:00:21]} Kg6 {[%emt 0:00:01]} 45. g3 {[%emt 0:01:31]} Nh5 {[%emt 0:01:14]} 46. Rc6 {[%emt 0:00:46]} Rxa2 {[%emt 0:00:05]} 47. Kg2 {[%emt 0:00:26]} Nxf6 {[%emt 0:00:37]} 48. Rxe6 {[%emt 0:00:12]} Kxh6 {[%emt 0:00:05]} 49. Rxf6+ {[%emt 0:00:23]} Kg5 {[%emt 0:00:06]} 50. Rb6 {[%emt 0:00:13]} Rb2 {[%emt 0:00:16]} 51. Kf3 {[%emt 0:00:33]} b4 {[%emt 0:01:05]} 52. Ke3 {[%emt 0:01:04]} b3 {[%emt 0:00:04]} 53. f4+ {[%emt 0:00:18]} Kg4 {[%emt 0:00:00]} 54. e6 {[%emt 0:01:33]} Rb1 {[%emt 0:00:57]} 55. Kd2 {[%emt 0:00:29]} Rb2+ {[%emt 0:00:26]} 56. Kd3 {[%emt 0:00:39]} Rb1 {[%emt 0:00:57]} 57. Kd2 {[%emt 0:00:42]} Rb2+ {[%emt 0:00:06]} 58. Kc3 {[%emt 0:00:21]} Re2 {[%emt 0:00:02]} 59. Kd3 {[%emt 0:00:35]} Re4 {[%emt 0:00:51]} 60. Kc3 {[%emt 0:00:38]} Re1 {[%emt 0:02:55]} 61. Kd4 {[%emt 0:00:24]} b2 {[%emt 0:00:24]} 62. Rxb2 {[%emt 0:00:09]} Rxe6 {[%emt 0:00:04]} 63. Rb3 {[%emt 0:00:23]} Re4+ {[%emt 0:00:10]} 64. Kd5 {[%emt 0:00:07]} 1/2-1/2